PRINCIPLES OF ORGANIC FARMING: TEXTBOOK [As per Syllabus of 5th Dean's Committee, ICAR] (Record no. 9065)

MARC details
000 -LEADER
fixed length control field 00483nam a22001697a 4500
005 - DATE AND TIME OF LATEST TRANSACTION
control field 20260310155336.0
008 - FIXED-LENGTH DATA ELEMENTS--GENERAL INFORMATION
fixed length control field 260309b |||||||| |||| 00| 0 eng d
020 ## - INTERNATIONAL STANDARD BOOK NUMBER
ISBN 978-93-89184-49-5
041 ## - LANGUAGE CODE
Language code of text/sound track or separate title eng
082 ## - DEWEY DECIMAL CLASSIFICATION NUMBER
Classification number 631.584 MAL-P
100 ## - MAIN ENTRY--AUTHOR NAME
Personal name MALIWAL, P. L.
245 ## - TITLE STATEMENT
Title PRINCIPLES OF ORGANIC FARMING: TEXTBOOK [As per Syllabus of 5th Dean's Committee, ICAR]
260 ## - PUBLICATION, DISTRIBUTION, ETC. (IMPRINT)
Place of publication JODHPUR
Name of publisher SCIENTIFIC PUBLISHERS
Year of publication 2020
300 ## - PHYSICAL DESCRIPTION
Number of Pages 180;P
650 ## - SUBJECT ADDED ENTRY--TOPICAL TERM
Topical Term AGRICULTURE
942 ## - ADDED ENTRY ELEMENTS (KOHA)
Koha item type Books
Holdings
Lost status Damaged status Collection code Home library Current library Shelving location Date acquired Source of acquisition Cost, normal purchase price Serial Enumeration / chronology Full call number Accession Number Koha item type
    AGRICULTURE JRU Library JRU Library NEW ARRIVAL SHELF 09/03/2026 PURCHASE 1500.00 LBI/000880 , DATE-6/03/2026 631.584 MAL-P 29319 Books